FRENCH BILINGUAL DICTIONARY (Record no. 22070)

MARC details
000 -LEADER
fixed length control field 00699nam a22002177a 4500
003 - CONTROL NUMBER IDENTIFIER
control field OSt
005 - DATE AND TIME OF LATEST TRANSACTION
control field 20260513160805.0
008 - FIXED-LENGTH DATA ELEMENTS--GENERAL INFORMATION
fixed length control field 260513b |||||||| |||| 00| 0 eng d
020 ## - INTERNATIONAL STANDARD BOOK NUMBER
International Standard Book Number 0-7641-0279-6
040 ## - CATALOGING SOURCE
Transcribing agency Chuka University University
050 ## - LIBRARY OF CONGRESS CALL NUMBER
Classification number PC 2640
Item number .L57 1998
100 ## - MAIN ENTRY--PERSONAL NAME
Personal name Lipton C . Gladys
9 (RLIN) 24489
245 ## - TITLE STATEMENT
Title FRENCH BILINGUAL DICTIONARY
Remainder of title A Beginners Guide in Words and Pictures
250 ## - EDITION STATEMENT
Edition statement Third
260 ## - PUBLICATION, DISTRIBUTION, ETC.
Place of publication, distribution, etc. New York,USA
Name of publisher, distributor, etc. BARRON'S
Date of publication, distribution, etc. 1998
300 ## - PHYSICAL DESCRIPTION
Extent 454
Other physical details Illustrations
650 ## - SUBJECT ADDED ENTRY--TOPICAL TERM
Topical term or geographic name entry element French Language Dictionaries English
9 (RLIN) 24432
650 ## - SUBJECT ADDED ENTRY--TOPICAL TERM
Topical term or geographic name entry element English Language Dictionaries French
9 (RLIN) 24433
650 ## - SUBJECT ADDED ENTRY--TOPICAL TERM
Topical term or geographic name entry element French Language Dictionaries Juvenile
9 (RLIN) 24490
942 ## - ADDED ENTRY ELEMENTS (KOHA)
Source of classification or shelving scheme Library of Congress Classification
Koha item type French Collection
Suppress in OPAC No
Holdings
Withdrawn status Lost status Source of classification or shelving scheme Damaged status Not for loan Collection Home library Current library Shelving location Date acquired Total Checkouts Full call number Barcode Date last seen Copy number Cost, replacement price Price effective from Koha item type
    Library of Congress Classification     General Collection Books Main Campus Library Main Campus Library General Stacks 13/05/2026   PC 2640 .L57 1998 31190/2026 13/05/2026 1 12068.32 13/05/2026 French Collection

Powered by Koha